000 00522nam a22001937a 4500
003 OSt
005 20190304132719.0
008 190304b xxu||||| |||| 00| 0 eng d
020 _a0030245028
040 _cDDC.
082 _2338.5 MAN 1998.
100 _aMankiw,N.Gregory;
_912764
245 _aPrinciples of Microeconomics.
260 _aSan Diego,
_bThe Dryden Press,
_c1998.
300 _axxxiii,488p;
_bcol,ill:
_c27cm.
504 _aincludes glossary and index
650 _aEconomics.
_9975
942 _2ddc
_cO_SHELF
999 _c6191
_d6191